Statistiken für First Ladies der Bundesrepublik

Klicken Sie hier um das Quiz zu spielen!

Allgemein

  • Dieses Quiz wurde 33 mal gespielt
  • Das Durchschnittsergebnis liegt bei 5 aus 12

Antwortstatistiken

BundespräsidentAmtszeitFrau/Partnerin% Korrekt
Christian Wulff2010-2012Bettina Wulff
74%
Walter Scheel1974-1979Mildred Scheel
65%
Johannes Rau1999-2004Christina Rau
52%
Roman Herzog1994-1999Christiane Herzog
48%
Richard von Weizsäcker1984-1994Marianne von Weizsäcker
43%
Joachim Gauck2012-2017Daniela Schadt
39%
Karl Carstens1979-1984Veronica Carstens
39%
Frank-Walter Steinmeier2017-Elke Büdenbender
35%
Theodor Heuss1949-1959Elly Heuss-Knapp
35%
Horst Köhler2004-2010Eva Luise Köhler
35%
Heinrich Lübke1959-1969Wilhelmine Lübke
30%
Gustav Heinemann1969-1974Hilda Heinemann
22%

Verteilung der Resultate

Perzentil nach korrekt beantworteten Fragen

Anzahl Personen mit jedem Resultat

Ihre Resultats-Entwicklung

Sie haben dieses Quiz noch nicht gespielt